[Event "Chigorin Memorial 2018"]
[Site "St. Petersburg"]
[Date "2018.11.01"]
[Round "6.54"]
[White "Konaplev, Anton"]
[Black "Postanogov, Dmitrii"]
[Result "1-0"]
[WhiteElo "2320"]
[BlackElo "2101"]
[PlyCount "119"]
[EventDate "2018.10.27"]
[EventType "swiss"]
[EventCountry "RUS"]
[WhiteTeam "Russland"]
[BlackTeam "Russland"]
[WhiteTeamCountry "RUS"]
[BlackTeamCountry "RUS"]

1. d4 d5 2. c4 c6 3. e3 Nf6 4. Nc3 a6 5. Qc2 b5 6. b3 e6 7. Nf3 Be7 8. Bd3 Bb7 9. O-O b4 10. Na4 dxc4 11. Qxc4 Nbd7 12. Rd1 Nb6 13. Nxb6 Qxb6 14. Bb2 O-O 15. Ne5 Rac8 16. Rac1 c5 17. dxc5 Rxc5 18. Qh4 Rxc1 19. Rxc1 h6 20. Bd4 Qd8 21. Qg3 Bd6 22. Bc4 Bd5 23. Bxd5 exd5 24. Qf3 Ne4 25. Qg4 Qg5 26. Qxg5 hxg5 27. Rc6 Bxe5 28. Bxe5 Rd8 29. f3 Nd2 30. Rc1 f6 31. Bd4 a5 32. Rd1 Nc4 33. bxc4 dxc4 34. Rc1 b3 35. axb3 cxb3 36. Ra1 Rc8 37. h4 gxh4 38. Rxa5 h3 39. Rb5 Rc1+ 40. Kh2 hxg2 41. Kxg2 Rb1 42. Rb7 Rc1 43. Rxb3 Kf7 44. Rb7+ Kg6 45. Kg3 Kf5 46. e4+ Kg6 47. Kf4 Rc4 48. Rd7 Rc2 49. e5 fxe5+ 50. Bxe5 Rc4+ 51. Kg3 Ra4 52. Bxg7 Kf5 53. Bh6 Rb4 54. Rd5+ Ke6 55. Ra5 Kf6 56. Bf4 Rc4 57. Kg4 Rb4 58. Ra6+ Kf7 59. Kf5 Rb3 60. Ra7+ 1-0

[Event "Chigorin Memorial 2018"]
[Site "St. Petersburg"]
[Date "2018.11.01"]
[Round "6.55"]
[White "Volkov, Roman"]
[Black "Gogin, Maksim"]
[Result "0-1"]
[WhiteElo "2070"]
[BlackElo "2310"]
[PlyCount "120"]
[EventDate "2018.10.27"]
[EventType "swiss"]
[EventCountry "RUS"]
[WhiteTeam "Russland"]
[BlackTeam "Russland"]
[WhiteTeamCountry "RUS"]
[BlackTeamCountry "RUS"]

1. d4 Nf6 2. c4 c5 3. d5 b5 4. Nf3 bxc4 5. Nc3 d6 6. e4 g6 7. e5 dxe5 8. Nxe5 Bg7 9. Bxc4 O-O 10. O-O Bb7 11. Re1 Ne8 12. Bf4 Nd6 13. Bb3 Bxe5 14. Bxe5 Nd7 15. Bf4 Nb6 16. Rc1 Nf5 17. Re5 Nd4 18. Qe1 Re8 19. Rd1 Nxb3 20. axb3 f6 21. Re3 Nxd5 22. Red3 e6 23. Ne4 Qb6 24. Bh6 Re7 25. h4 Qb4 26. Bd2 Qb5 27. Bh6 Qb4 28. Bd2 Qb6 29. Rg3 e5 30. Ba5 Qe6 31. Nxc5 Qf7 32. Nxb7 Rxb7 33. Qe4 Nf4 34. Rc3 Re8 35. Kh2 f5 36. Qc6 Ne6 37. Re3 e4 38. Rd6 Rbe7 39. Re1 Qf6 40. Bc3 Qxh4+ 41. Kg1 h5 42. Qd5 Kh7 43. Qe5 Nf4 44. Rd7 Nd3 45. Rxe7+ Qxe7 46. Qxe7+ Rxe7 47. Ra1 Rd7 48. b4 f4 49. Kf1 f3 50. Ra6 Nf4 51. gxf3 Rd1+ 52. Be1 Nd3 53. Rxa7+ Kh6 54. fxe4 Rxe1+ 55. Kg2 Rxe4 56. b5 Rb4 57. Ra3 Nxb2 58. Rc3 Rxb5 59. Kg3 Rg5+ 60. Kh3 Rf5 0-1

[Event "Chigorin Memorial 2018"]
[Site "St. Petersburg"]
[Date "2018.11.01"]
[Round "6.56"]
[White "Babanin, Gleb"]
[Black "Borisovsky, Dmitry"]
[Result "1/2-1/2"]
[WhiteElo "2037"]
[BlackElo "2304"]
[PlyCount "65"]
[EventDate "2018.10.27"]
[EventType "swiss"]
[EventCountry "RUS"]
[WhiteTeam "Russland"]
[BlackTeam "Russland"]
[WhiteTeamCountry "RUS"]
[BlackTeamCountry "RUS"]

1. d4 Nf6 2. c4 e6 3. g3 c5 4. d5 exd5 5. cxd5 d6 6. Nc3 g6 7. Bg2 Bg7 8. Nf3 O-O 9. O-O Re8 10. Nd2 a6 11. a4 Nbd7 12. Nc4 Ne5 13. Na3 Rb8 14. h3 Nh5 15. e4 b5 16. axb5 axb5 17. Naxb5 Rb6 18. Qe2 Bd7 19. Kh2 f5 20. f4 fxe4 21. fxe5 Nxg3 22. Kxg3 Bxe5+ 23. Kf2 Qh4+ 24. Kg1 Qg3 25. Rf2 Qh2+ 26. Kf1 Bxh3 27. Ke1 Bg3 28. Bxh3 Bxf2+ 29. Qxf2 Qxh3 30. Qf1 Qg3+ 31. Qf2 Qh3 32. Qf1 Qg3+ 33. Qf2 1/2-1/2

[Event "Chigorin Memorial 2018"]
[Site "St. Petersburg"]
[Date "2018.11.01"]
[Round "6.57"]
[White "Gomes, Mary Ann"]
[Black "Manin, Viktor"]
[Result "1-0"]
[WhiteElo "2302"]
[BlackElo "2100"]
[PlyCount "120"]
[EventDate "2018.10.27"]
[EventType "swiss"]
[EventCountry "RUS"]
[WhiteTeam "Indien"]
[BlackTeam "Usbekistan"]
[WhiteTeamCountry "IND"]
[BlackTeamCountry "UZB"]

1. Nf3 d5 2. c4 c6 3. g3 g6 4. Bg2 Bg7 5. O-O e5 6. d3 Ne7 7. e4 d4 8. Nh4 O-O 9. f4 exf4 10. Bxf4 Nd7 11. Nd2 Ne5 12. Ndf3 f6 13. Bxe5 fxe5 14. c5 Bf6 15. Qb3+ Kg7 16. Rf2 Ng8 17. Raf1 Qe7 18. h3 Qxc5 19. g4 h6 20. Nd2 Qe7 21. Nhf3 Be6 22. Qc2 Qc7 23. b4 Ne7 24. Rc1 g5 25. Nf1 Ng6 26. Ng3 Nf4 27. Nd2 Rac8 28. Nf5+ Kg6 29. Nc4 Rfd8 30. Bf1 Bg7 31. Qd1 Bf8 32. a3 b5 33. Nd2 a5 34. Nf3 Kf6 35. Qe1 Bb3 36. h4 gxh4 37. Rb2 a4 38. Qxh4+ Ke6 39. Nxh6 Qe7 40. g5 Bxh6 41. Qxh6+ Kd7 42. Rc5 Rg8 43. Nxe5+ Ke8 44. Ng4 Rg6 45. Qh8+ Qf8 46. Qxf8+ Kxf8 47. Rf2 Ke7 48. Rxf4 Rcg8 49. Rff5 Be6 50. Rfe5 Kd6 51. Nh2 Rf8 52. Bg2 Bd5 53. Nf3 Rxf3 54. Rexd5+ cxd5 55. Rxd5+ Kc6 56. Bxf3 Rg8 57. Kf2 Kb6 58. Rxd4 Rxg5 59. Rd6+ Kc7 60. Rd5 Rg8 1-0

[Event "Chigorin Memorial 2018"]
[Site "St. Petersburg"]
[Date "2018.11.01"]
[Round "6.58"]
[White "Vasilyev, Alexey"]
[Black "Isanzhulov, Arystan"]
[Result "0-1"]
[WhiteElo "1995"]
[BlackElo "2284"]
[PlyCount "194"]
[EventDate "2018.10.27"]
[EventType "swiss"]
[EventCountry "RUS"]
[WhiteTeam "Russland"]
[BlackTeam "Kasachstan"]
[WhiteTeamCountry "RUS"]
[BlackTeamCountry "KAZ"]

1. e4 c5 2. Nf3 d6 3. d4 cxd4 4. Nxd4 Nf6 5. Nc3 a6 6. Be2 e5 7. Nf3 Be7 8. Bg5 Nbd7 9. O-O O-O 10. a4 h6 11. Bxf6 Nxf6 12. Bc4 Be6 13. Bd5 Qa5 14. Qd3 Nxd5 15. exd5 Bg4 16. Nd2 Rac8 17. Nb3 Qc7 18. a5 Bh5 19. Ra4 Qd7 20. Rb4 Bg6 21. Qe2 Rfe8 22. f3 Rc7 23. Rf2 Bd8 24. Qd1 Bg5 25. Re2 f5 26. Qe1 Bh5 27. Na4 Qf7 28. Nc3 Rce7 29. g4 Bg6 30. gxf5 Bxf5 31. Qg3 Qh5 32. Ne4 Bxe4 33. Rbxe4 Rf8 34. Qg4 Qf7 35. h4 Bf4 36. c4 Qe8 37. Nd4 h5 38. Qh3 Rf6 39. Ne6 Ref7 40. Nxf4 Rxf4 41. Rxf4 Rxf4 42. b3 Qg6+ 43. Rg2 Qd3 44. Kh2 Kh7 45. Qg3 Rf7 46. Qg5 Qxf3 47. Qg6+ Kg8 48. Qxd6 Qf4+ 49. Kh3 Qe3+ 50. Kh2 Qf4+ 51. Kh3 Qf3+ 52. Kh2 Qxb3 53. Qxe5 Qxc4 54. Qxh5 Qc7+ 55. Kh3 Qxa5 56. Qe5 Qb5 57. Qe6 Qd7 58. Rb2 Kf8 59. Kg4 Qxe6+ 60. dxe6 Rf6 61. Rxb7 Rxe6 62. Ra7 Kg8 63. Kf5 Rf6+ 64. Kg5 Kh7 65. h5 Rb6 66. Ra8 Rc6 67. Ra7 Re6 68. Kf5 Rd6 69. Kg5 Rd5+ 70. Kg4 Ra5 71. Kh4 Kh6 72. Kg4 Rg5+ 73. Kf4 a5 74. Ra6+ Kxh5 75. Kf3 g6 76. Ra7 Rf5+ 77. Kg3 Kg5 78. Ra6 Rb5 79. Kf3 Rb3+ 80. Kg2 Ra3 81. Kf2 Kh5 82. Kg2 g5 83. Kf2 Kg4 84. Kg2 Ra2+ 85. Kf1 Kg3 86. Ra8 g4 87. Ra7 Ra1+ 88. Ke2 Kg2 89. Rg7 g3 90. Ke3 Kf1 91. Rf7+ Kg2 92. Rg7 a4 93. Kf4 Rf1+ 94. Ke3 a3 95. Ra7 Rf3+ 96. Ke2 a2 97. Ra8 Rf1 0-1

[Event "Chigorin Memorial 2018"]
[Site "St. Petersburg"]
[Date "2018.11.01"]
[Round "6.59"]
[White "Vasilyev, Vasily"]
[Black "Shidlovskiy, Artemiy"]
[Result "1/2-1/2"]
[WhiteElo "2272"]
[BlackElo "2073"]
[PlyCount "81"]
[EventDate "2018.10.27"]
[EventType "swiss"]
[EventCountry "RUS"]
[WhiteTeam "Russland"]
[BlackTeam "Russland"]
[WhiteTeamCountry "RUS"]
[BlackTeamCountry "RUS"]

1. d4 d5 2. Nf3 Nf6 3. c4 c6 4. g3 Bf5 5. Bg2 e6 6. Nc3 Nbd7 7. Qb3 Qb6 8. c5 Qxb3 9. axb3 a6 10. b4 Rc8 11. h3 h6 12. g4 Bc2 13. Bf4 g5 14. Bh2 Be4 15. Nxe4 Nxe4 16. Ne5 Bg7 17. Bxe4 Nxe5 18. Bxe5 Bxe5 19. dxe5 dxe4 20. O-O-O h5 21. h4 hxg4 22. hxg5 Ke7 23. Kd2 Rhg8 24. Ke3 Rxg5 25. Kxe4 Rf5 26. f4 gxf3 27. exf3 Rg5 28. Rd2 Rgg8 29. Rhd1 Rc7 30. b3 Rh8 31. Rd6 Rh4+ 32. f4 Rh3 33. R1d3 Rxd3 34. Rxd3 Rc8 35. Rh3 Rg8 36. Kd4 Rg4 37. Ke4 Rg8 38. Kd4 Rg4 39. Ke4 Rg8 40. Kd4 Rg4 41. Ke4 1/2-1/2

[Event "Chigorin Memorial 2018"]
[Site "St. Petersburg"]
[Date "2018.11.01"]
[Round "6.60"]
[White "Postnikov, Artem"]
[Black "Ivanov, Sergei V."]
[Result "1/2-1/2"]
[WhiteElo "2270"]
[BlackElo "2055"]
[PlyCount "174"]
[EventDate "2018.10.27"]
[EventType "swiss"]
[EventCountry "RUS"]
[WhiteTeam "Russland"]
[BlackTeam "Russland"]
[WhiteTeamCountry "RUS"]
[BlackTeamCountry "RUS"]

1. e4 c6 2. Nc3 d5 3. d4 dxe4 4. Nxe4 Bf5 5. Ng3 Bg6 6. h4 h6 7. Nh3 Nf6 8. c3 e6 9. Nf4 Bh7 10. Bc4 b5 11. Bb3 Bd6 12. Qf3 O-O 13. Nfh5 Nxh5 14. Nxh5 Bg6 15. Nf4 Qf6 16. Nxg6 Qxf3 17. gxf3 fxg6 18. Bxe6+ Kh7 19. Be3 Na6 20. Bd7 Nb8 21. Bh3 Na6 22. a4 b4 23. Bf1 Nc7 24. Bd3 h5 25. Rg1 Rf6 26. Be4 Nd5 27. c4 Ne7 28. O-O-O Rc8 29. Rg5 Kg8 30. Rdg1 Kf7 31. Ra5 Rc7 32. Rgg5 Bf4 33. Rg1 Bd6 34. Kb1 Bf4 35. Ka2 Bh6 36. Kb3 Rb7 37. Rd1 Rd6 38. Kc2 Rbd7 39. Kd3 Kf6 40. Ke2 Kf7 41. d5 cxd5 42. cxd5 Bxe3 43. fxe3 Nf5 44. Bxf5 gxf5 45. e4 fxe4 46. fxe4 Kf6 47. Rf1+ Ke5 48. Ke3 Rf6 49. Rxf6 gxf6 50. Ra6 Re7 51. d6 Rg7 52. d7 Rxd7 53. Ra5+ Ke6 54. Rxh5 Rg7 55. Kf3 Rd7 56. Rd5 Rc7 57. Rb5 a5 58. Rxa5 Rc2 59. Rb5 Rxb2 60. a5 Ra2 61. Rxb4 Rxa5 62. Kf4 Ra1 63. Rb6+ Kf7 64. h5 Rf1+ 65. Kg4 Rg1+ 66. Kf4 Rf1+ 67. Kg3 Rg1+ 68. Kf3 Rf1+ 69. Ke2 Rh1 70. Rb5 Ke6 71. Kf2 Rh4 72. Kf3 Rh1 73. Rf5 Rh4 74. Ke3 Rh1 75. Kf2 Rh4 76. Kf3 Rh1 77. Rb5 Rh4 78. Rb6+ Ke5 79. Kg3 Rh1 80. Kg2 Rh4 81. Rb5+ Ke6 82. Kf3 Rh1 83. Ke2 Rh3 84. Kf2 Rh1 85. Kg2 Rh4 86. Kf3 Rh1 87. Ra5 Rh4 1/2-1/2

[Event "Chigorin Memorial 2018"]
[Site "St. Petersburg"]
[Date "2018.11.01"]
[Round "6.61"]
[White "Vorobyova, Ekaterina"]
[Black "Rjabzev, Konstantin"]
[Result "0-1"]
[WhiteElo "1874"]
[BlackElo "2270"]
[PlyCount "96"]
[EventDate "2018.10.27"]
[EventType "swiss"]
[EventCountry "RUS"]
[WhiteTeam "Russland"]
[BlackTeam "Russland"]
[WhiteTeamCountry "RUS"]
[BlackTeamCountry "RUS"]

1. e4 e5 2. Nf3 d6 3. d4 exd4 4. Nxd4 Nf6 5. Nc3 Be7 6. Bd3 O-O 7. O-O c6 8. a4 a5 9. h3 Re8 10. Be3 Bf8 11. Nde2 Nbd7 12. Ng3 Nc5 13. Bxc5 dxc5 14. Qf3 Be6 15. Rad1 Qc7 16. Rfe1 Qe5 17. Bf1 c4 18. Nf5 Bxf5 19. Qxf5 Bb4 20. Bxc4 Bxc3 21. bxc3 Qxc3 22. Bb3 Re5 23. Qf4 Rae8 24. Re3 Qc5 25. Rde1 h6 26. Rg3 Kf8 27. Rge3 b5 28. Kh1 Qb4 29. axb5 cxb5 30. f3 a4 31. Ba2 Qb2 32. Bb1 Nd5 33. exd5 Rxe3 34. Rxe3 Qc1+ 35. Kh2 Qxe3 36. Qb4+ Kg8 37. Ba2 Qe5+ 38. f4 Qe4 39. Qd2 Qe3 40. Qxe3 Rxe3 41. c4 bxc4 42. Bxc4 Kf8 43. d6 Re4 44. d7 Ke7 45. Bxf7 Rxf4 46. Be6 Rd4 47. Bf5 a3 48. Bb1 Rxd7 0-1

[Event "Chigorin Memorial 2018"]
[Site "St. Petersburg"]
[Date "2018.11.01"]
[Round "6.62"]
[White "Stupak, Kirill"]
[Black "Ismagilov, Damir"]
[Result "1-0"]
[WhiteElo "2583"]
[BlackElo "2116"]
[Annotator "TA"]
[PlyCount "83"]
[EventDate "2018.10.27"]
[EventType "swiss"]
[EventCountry "RUS"]
[WhiteTeam "Weißrussland"]
[BlackTeam "Russland"]
[WhiteTeamCountry "BLR"]
[BlackTeamCountry "RUS"]

1. d4 d5 2. Nf3 c6 3. c4 e6 4. g3 dxc4 5. Bg2 b5 6. a4 Bb7 7. Nc3 a6 8. O-O Nf6 9. e4 Be7 10. e5 Nd5 11. Ne4 h6 12. Bd2 Nd7 13. b3 cxb3 14. Qxb3 O-O 15. Rfc1 Rc8 16. h4 f5 17. exf6 N7xf6 18. Nc5 Bxc5 19. dxc5 Ne4 20. Be1 Qe8 21. Nd4 Nef6 22. Bh3 e5 23. Nf5 Qh5 24. axb5 axb5 25. Ne7+ Kh8 26. Nxc8 Bxc8 27. Bxc8 Rxc8 28. Qd1 Qf5 29. Ra3 e4 30. Qe2 Nd7 31. f3 Re8 32. fxe4 Rxe4 33. Qf3 Qe6 34. Bf2 N7f6 35. Raa1 Ng4 36. Re1 Ndf6 37. Rxe4 Nxe4 38. Bd4 Nef6 39. Ra8+ Kh7 40. Qd3+ g6 41. h5 Ne5 42. Bxe5 1-0

[Event "Chigorin Memorial 2018"]
[Site "St. Petersburg"]
[Date "2018.11.01"]
[Round "6.63"]
[White "Gorovenko, Darya"]
[Black "Kabanov, Nikolai"]
[Result "0-1"]
[WhiteElo "2109"]
[BlackElo "2481"]
[Annotator "TA"]
[PlyCount "100"]
[EventDate "2018.10.27"]
[EventType "swiss"]
[EventCountry "RUS"]
[WhiteTeam "Russland"]
[BlackTeam "Russland"]
[WhiteTeamCountry "RUS"]
[BlackTeamCountry "RUS"]

1. d4 d6 2. Nf3 Nf6 3. c4 Nbd7 4. g3 e5 5. Nc3 c6 6. e4 Be7 7. Bg2 O-O 8. O-O a6 9. a4 a5 10. h3 Re8 11. Be3 Bf8 12. Qc2 exd4 13. Nxd4 Nc5 14. Rad1 Qc7 15. Rfe1 Nfd7 16. f4 Na6 17. Nb3 Nb6 18. Nxa5 Nb4 19. Qf2 c5 20. Nb5 Qb8 21. Nxd6 Bxd6 22. Bxc5 Bxc5 23. Qxc5 Qa7 24. Nb3 Nxc4 25. Bf1 Nxb2 26. Rd2 Qxc5+ 27. Nxc5 b6 28. Bb5 bxc5 29. Bxe8 N2d3 30. Bb5 Ba6 31. Bxd3 Bxd3 32. Rc1 c4 33. Kf2 g6 34. Ke3 Rxa4 35. g4 Kg7 36. h4 Kf6 37. h5 gxh5 38. gxh5 h6 39. Rb2 Ke6 40. Kd4 Kd6 41. e5+ Ke6 42. Kc5 Nd5 43. f5+ Kxe5 44. Re1+ Be4 45. Rd2 Nf6 46. Kb5 c3 47. Rc2 Ra1 48. Ree2 Kd4 49. Ra2 Rxa2 50. Rxa2 c2 0-1

[Event "Chigorin Memorial 2018"]
[Site "St. Petersburg"]
[Date "2018.11.01"]
[Round "6.64"]
[White "Mustafayev, Farid"]
[Black "Bykov, Oleg"]
[Result "1/2-1/2"]
[WhiteElo "2109"]
[BlackElo "2411"]
[Annotator "TA"]
[PlyCount "83"]
[EventDate "2018.10.27"]
[EventType "swiss"]
[EventCountry "RUS"]
[WhiteTeam "Aserbeidschan"]
[BlackTeam "Russland"]
[WhiteTeamCountry "AZE"]
[BlackTeamCountry "RUS"]

1. e4 c5 2. c3 e6 3. d4 d5 4. e5 Nc6 5. Nf3 Qb6 6. Na3 cxd4 7. cxd4 Bb4+ 8. Bd2 Nge7 9. Bd3 Nxd4 10. Bb5+ Nxb5 11. Bxb4 Nc6 12. Nxb5 Qxb5 13. Bd6 b6 14. Qd2 Ba6 15. b4 Qd3 16. Qxd3 Bxd3 17. Kd2 Be4 18. Rac1 Rc8 19. Nd4 Ne7 20. f3 Bg6 21. Rxc8+ Nxc8 22. Rc1 Nxd6 23. exd6 Kd7 24. Nb5 Rc8 25. Rxc8 Kxc8 26. Nxa7+ Kd7 27. Nb5 Bb1 28. Nc3 Bg6 29. Nb5 e5 30. a4 Bf5 31. g4 Be6 32. a5 bxa5 33. bxa5 Kc6 34. a6 Bd7 35. a7 Kb7 36. Nc7 Kxa7 37. Nxd5 Kb7 38. Nb4 f6 39. g5 fxg5 40. Nd3 Kc6 41. Nxe5+ Kxd6 42. Nf7+ 1/2-1/2

[Event "Chigorin Memorial 2018"]
[Site "St. Petersburg"]
[Date "2018.11.01"]
[Round "6.65"]
[White "Timerkhanov, Alexander"]
[Black "Frolov, Aleksey G."]
[Result "1-0"]
[WhiteElo "2398"]
[BlackElo "2086"]
[PlyCount "69"]
[EventDate "2018.10.27"]
[EventType "swiss"]
[EventCountry "RUS"]
[WhiteTeam "Russland"]
[BlackTeam "Russland"]
[WhiteTeamCountry "RUS"]
[BlackTeamCountry "RUS"]

1. d4 Nf6 2. Bg5 c5 3. d5 Ne4 4. h4 Qb6 5. Nd2 Nxd2 6. Bxd2 d6 7. Bc3 e5 8. e4 f5 9. exf5 Bxf5 10. Bd3 Bxd3 11. Qxd3 Nd7 12. Nf3 Be7 13. Ng5 Bxg5 14. hxg5 g6 15. O-O-O O-O-O 16. f4 Rde8 17. Rde1 Qd8 18. Kb1 Rhf8 19. fxe5 Nxe5 20. Bxe5 Rxe5 21. Rxe5 dxe5 22. Qc4 Qc7 23. a3 Rf4 24. Qb5 Rf8 25. Rxh7 Rf1+ 26. Qxf1 Qxh7 27. Qf8+ Kd7 28. Qb8 Qh1+ 29. Ka2 Qxg2 30. Qxb7+ Kd8 31. Qa8+ Kd7 32. Qxa7+ Kd8 33. Qa8+ Kd7 34. Qc6+ Kd8 35. Qd6+ 1-0

[Event "Chigorin Memorial 2018"]
[Site "St. Petersburg"]
[Date "2018.11.01"]
[Round "6.66"]
[White "Khadzhiev, Valery"]
[Black "Yashmetov, Mikhail"]
[Result "0-1"]
[WhiteElo "2087"]
[BlackElo "2394"]
[PlyCount "78"]
[EventDate "2018.10.27"]
[EventType "swiss"]
[EventCountry "RUS"]
[WhiteTeam "Russland"]
[BlackTeam "Russland"]
[WhiteTeamCountry "RUS"]
[BlackTeamCountry "RUS"]

1. d4 g6 2. c4 Nf6 3. Nc3 d5 4. e3 Bg7 5. Nf3 O-O 6. cxd5 Nxd5 7. Bc4 Nb6 8. Bb3 c5 9. O-O cxd4 10. Nxd4 Na6 11. a3 Nc5 12. Ba2 a5 13. Qe2 e5 14. Ndb5 e4 15. Rd1 Qg5 16. Rd6 Bg4 17. Qf1 Nbd7 18. Rd5 Qe7 19. Rd2 Ne5 20. Nd4 Ned3 21. Rc2 a4 22. Rb1 Rfd8 23. h3 Bc8 24. b4 axb3 25. Nxb3 Nxb3 26. Bxb3 Bxc3 27. Rxc3 Ra5 28. Bc2 Bxh3 29. gxh3 Rg5+ 30. Kh1 Qf6 31. Bxd3 Qxc3 32. Bxe4 Qe5 33. Bg2 Rxg2 34. Kxg2 Qe4+ 35. Kh2 Qxb1 36. Qc4 Qd3 37. Qh4 Qd6+ 38. Kg2 Qc6+ 39. Kh2 Rd1 0-1

[Event "Chigorin Memorial 2018"]
[Site "St. Petersburg"]
[Date "2018.11.01"]
[Round "6.67"]
[White "Lavrinovitsh, Denis"]
[Black "Saydaliev, Saidakbar"]
[Result "0-1"]
[WhiteElo "2078"]
[BlackElo "2385"]
[PlyCount "74"]
[EventDate "2018.10.27"]
[EventType "swiss"]
[EventCountry "RUS"]
[WhiteTeam "Russland"]
[BlackTeam "Usbekistan"]
[WhiteTeamCountry "RUS"]
[BlackTeamCountry "UZB"]

1. e4 c5 2. c3 d5 3. exd5 Qxd5 4. d4 Nc6 5. Nf3 Bg4 6. Be2 Nf6 7. O-O e6 8. Be3 cxd4 9. cxd4 Be7 10. Nc3 Qd6 11. Qb3 O-O 12. Rfd1 Qb4 13. Qc2 Bf5 14. Bd3 Bxd3 15. Qxd3 Rfd8 16. a3 Qd6 17. h3 Rac8 18. Qb5 Rb8 19. Rac1 a6 20. Qe2 Rbc8 21. Na4 Nd5 22. Nc5 Qb8 23. Bg5 Nxd4 24. Rxd4 Bxc5 25. Rdc4 Be7 26. Rxc8 Rxc8 27. Rxc8+ Qxc8 28. Bxe7 Nxe7 29. Qe5 h6 30. Qa5 Nd5 31. Qd2 Qc7 32. Ne1 Nf4 33. Nc2 Qe5 34. Ne3 Qe4 35. Qd8+ Kh7 36. Qb6 Qb1+ 37. Kh2 Ne2 0-1

[Event "Chigorin Memorial 2018"]
[Site "St. Petersburg"]
[Date "2018.11.01"]
[Round "6.68"]
[White "Torres Dominguez, David"]
[Black "Salemgareev, Tagir"]
[Result "0-1"]
[WhiteElo "2067"]
[BlackElo "2381"]
[PlyCount "72"]
[EventDate "2018.10.27"]
[EventType "swiss"]
[EventCountry "RUS"]
[WhiteTeam "Spanien"]
[BlackTeam "Russland"]
[WhiteTeamCountry "ESP"]
[BlackTeamCountry "RUS"]

1. e4 Nf6 2. Nc3 d5 3. d3 d4 4. Nb1 c5 5. Be2 Nc6 6. Bg5 e6 7. Nd2 Be7 8. Nh3 O-O 9. O-O Qc7 10. f4 h6 11. Bxf6 Bxf6 12. a4 a6 13. Nf2 Be7 14. e5 Bd7 15. Bf3 b5 16. axb5 axb5 17. Rb1 Ra2 18. Be4 g6 19. h4 Bxh4 20. g3 Be7 21. Kg2 Nb4 22. Rh1 Kg7 23. Ng4 h5 24. Nf6 Bxf6 25. Rxh5 Be7 26. Qg4 Rg8 27. Rbh1 Nxc2 28. Nf1 Rxb2 29. Kg1 Ne3 30. Rh7+ Kf8 31. Nxe3 dxe3 32. Rxf7+ Kxf7 33. Bxg6+ Kf8 34. Rh7 Qa5 35. Rf7+ Ke8 36. Rxe7+ Kd8 0-1

[Event "Chigorin Memorial 2018"]
[Site "St. Petersburg"]
[Date "2018.11.01"]
[Round "6.69"]
[White "Zabolotnov, Evgeny"]
[Black "Baltabaev, Temirlan"]
[Result "1/2-1/2"]
[WhiteElo "2064"]
[BlackElo "2332"]
[PlyCount "112"]
[EventDate "2018.10.27"]
[EventType "swiss"]
[EventCountry "RUS"]
[WhiteTeam "Russland"]
[BlackTeam "Russland"]
[WhiteTeamCountry "RUS"]
[BlackTeamCountry "RUS"]

1. d4 d5 2. c4 e6 3. Nc3 Nf6 4. cxd5 exd5 5. Bg5 Bb4 6. e3 Nbd7 7. Bd3 c5 8. Nf3 c4 9. Bf5 Qa5 10. Qc2 h6 11. Bh4 O-O 12. O-O Re8 13. Nd2 b5 14. e4 dxe4 15. Ndxe4 Qb6 16. Bxf6 Nxf6 17. Nxf6+ Qxf6 18. Bxc8 Raxc8 19. Nxb5 a6 20. Qa4 axb5 21. Qxb4 Qxd4 22. Rad1 Qc5 23. Qxc5 Rxc5 24. Rfe1 Ra8 25. Ra1 b4 26. g3 Rca5 27. Rac1 Rxa2 28. Rxc4 Rxb2 29. Rc7 b3 30. Rb7 Raa2 31. Re8+ Kh7 32. Rxf7 Re2 33. Rxe2 Rxe2 34. Rb7 b2 35. Kg2 Kg6 36. Kf3 Rc2 37. h4 Kf6 38. Ke3 Ke5 39. f4+ Kd5 40. Kf3 Kc4 41. Kg4 Kc3 42. Kf5 Rg2 43. g4 Rh2 44. h5 Rh4 45. Rc7+ Kd3 46. Rb7 Rh2 47. g5 Kc2 48. Kg6 Rg2 49. Kxg7 hxg5 50. fxg5 Rxg5+ 51. Kh6 Rg3 52. Rxb2+ Kxb2 53. Kh7 Kc3 54. h6 Kd4 55. Kh8 Ke5 56. h7 Kf6 1/2-1/2

[Event "Chigorin Memorial 2018"]
[Site "St. Petersburg"]
[Date "2018.11.01"]
[Round "6.70"]
[White "Fedotov, Alexey"]
[Black "Fraiman, Dmitry"]
[Result "1-0"]
[WhiteElo "2057"]
[BlackElo "2323"]
[PlyCount "69"]
[EventDate "2018.10.27"]
[EventType "swiss"]
[EventCountry "RUS"]
[WhiteTeam "Russland"]
[BlackTeam "Russland"]
[WhiteTeamCountry "RUS"]
[BlackTeamCountry "RUS"]

1. d4 Nf6 2. c4 g6 3. Nc3 Bg7 4. e4 d6 5. Nf3 O-O 6. Be2 e5 7. d5 a5 8. Bg5 h6 9. Bh4 Na6 10. Nd2 Qe8 11. O-O Bd7 12. b3 Nh7 13. a3 h5 14. f3 Bf6 15. Bf2 Qe7 16. Kh1 Bh4 17. Bg1 Bg5 18. Rb1 h4 19. b4 axb4 20. axb4 Nf6 21. c5 Nh5 22. Bf2 Rfb8 23. Nc4 dxc5 24. bxc5 Nxc5 25. d6 cxd6 26. Nd5 Qd8 27. Ndb6 Ra2 28. Nxd6 Ne6 29. Nxf7 Kxf7 30. Qxd7+ Qxd7 31. Nxd7 Rc8 32. Bc4 Ra5 33. Rxb7 Ke7 34. Nxe5+ Rc7 35. Rxc7+ 1-0

[Event "Chigorin Memorial 2018"]
[Site "St. Petersburg"]
[Date "2018.11.01"]
[Round "6.71"]
[White "Nazarova, Anastasia"]
[Black "Korennoi, Viktor"]
[Result "0-1"]
[WhiteElo "2055"]
[BlackElo "2306"]
[PlyCount "92"]
[EventDate "2018.10.27"]
[EventType "swiss"]
[EventCountry "RUS"]
[WhiteTeam "Finnland"]
[BlackTeam "Russland"]
[WhiteTeamCountry "FIN"]
[BlackTeamCountry "RUS"]

1. e4 c5 2. Nf3 Nc6 3. d4 cxd4 4. Nxd4 Nf6 5. Nc3 e5 6. Ndb5 d6 7. Bg5 a6 8. Na3 b5 9. Nd5 Be7 10. Bxf6 Bxf6 11. c3 O-O 12. Nc2 Bg5 13. a4 bxa4 14. Rxa4 a5 15. Bc4 Rb8 16. b3 Kh8 17. Nce3 g6 18. h4 Bxh4 19. g3 Bg5 20. f4 exf4 21. gxf4 Bh4+ 22. Kf1 f5 23. Ra2 fxe4 24. Rah2 g5 25. Qh5 Ne5 26. Ke2 Nxc4 27. fxg5 Rxb3 28. Rxh4 Rb2+ 29. Ke1 Rb1+ 30. Nd1 Rb7 31. g6 Bf5 32. Rf4 Bxg6 33. Qxg6 Rxf4 34. Nxf4 Ne5 35. Qh6 a4 36. Rh5 a3 37. Ne6 Qe7 38. Rf5 Rb8 39. Nf8 Qg7 40. Qxd6 Qg3+ 41. Ke2 Qd3+ 42. Qxd3 exd3+ 43. Kd2 a2 44. Nd7 a1=Q 45. Nxb8 Nc4+ 46. Kxd3 Qb1+ 0-1

[Event "Chigorin Memorial 2018"]
[Site "St. Petersburg"]
[Date "2018.11.01"]
[Round "6.72"]
[White "Khakimov, Timur"]
[Black "Aseev, Vladimir"]
[Result "1-0"]
[WhiteElo "2288"]
[BlackElo "2063"]
[PlyCount "105"]
[EventDate "2018.10.27"]
[EventType "swiss"]
[EventCountry "RUS"]
[WhiteTeam "Russland"]
[BlackTeam "Russland"]
[WhiteTeamCountry "RUS"]
[BlackTeamCountry "RUS"]

1. d4 Nf6 2. Nf3 d6 3. Bg5 Nbd7 4. Nbd2 h6 5. Bh4 g6 6. c3 Bg7 7. e4 Nh5 8. Qc2 c5 9. Nc4 Qc7 10. Rc1 b6 11. Bd3 Nf4 12. O-O Nxd3 13. Qxd3 Nb8 14. Ne3 e6 15. dxc5 dxc5 16. Bg3 Ba6 17. Qc2 Qb7 18. Rfe1 O-O 19. Rcd1 Nc6 20. e5 Rfd8 21. Ng4 Ne7 22. Nf6+ Bxf6 23. exf6 Nf5 24. Nh4 Nxh4 25. Bxh4 Qc6 26. Bg3 Rd5 27. Qc1 Kh7 28. Rxd5 exd5 29. Qf4 Re8 30. Re7 Rxe7 31. fxe7 Qe6 32. Qe5 Bb5 33. f3 Qd7 34. Qf6 Qe6 35. Qxe6 fxe6 36. Bb8 d4 37. c4 d3 38. Kf2 d2 39. Ke2 Bxc4+ 40. Kxd2 Bb5 41. Bxa7 Kg7 42. Bxb6 c4 43. Kc3 Kf7 44. Kb4 Ba6 45. Bc5 Ke8 46. Ka5 Bb7 47. Kb6 Bd5 48. a4 Kd7 49. a5 e5 50. a6 e4 51. fxe4 Bxe4 52. g3 h5 53. Ka7 1-0